|
|
|
|
| LEADER |
00968nam a2200265 i 4500 |
| 001 |
c000000617 |
| 003 |
CARM |
| 005 |
00000000000000.0 |
| 008 |
730516s1957 00000 eng d |
| 019 |
1 |
|
|a 2526717
|5 LACONCORD2021
|
| 035 |
|
|
|a (OCoLC)12891267
|5 LACONCORD2021
|
| 050 |
0 |
0 |
|a QA171.5.K6
|
| 100 |
1 |
|
|a Koster, G. T.
|
| 245 |
1 |
0 |
|a Space groups and their representations /
|c By G. F. Koster.
|
| 260 |
|
|
|a New York :
|b Academic Press,
|c [c1957].
|
| 300 |
|
|
|a 84 p :
|b illus ;
|c 21 cm.
|
| 490 |
1 |
|
|a Solid State Reprints
|
| 500 |
|
|
|a Bibliographical footnotes.
|
| 500 |
|
|
|a Reprinted from vol. 5, 1957 of Solid State Physics.
|
| 650 |
|
0 |
|a Lattice theory.
|
| 830 |
|
|
|a Solid-state physics
|v v. 5, 1957.
|
| 852 |
8 |
|
|b CARM
|h A2:AD13C0
|i B00654
|p 0032691
|f BK
|
| 082 |
0 |
4 |
|a 512.7
|
| 999 |
f |
f |
|i 40679ffe-f407-5cb4-b418-e3369ec90e21
|s c3b4cf05-89f0-5ef2-856e-98fe7c0a0259
|
| 952 |
f |
f |
|p Can circulate
|a CAVAL
|b CAVAL
|c CAVAL
|d CARM 1 Store
|e B00654
|f A2:AD13C0
|h Other scheme
|i book
|m 0032691
|